Statistics for Michael Shannon Filmography

Click here to take the quiz!

General Stats

  • This quiz has been taken 35 times
    (5 since last reset)
  • The average score is 43 of 154

Answer Stats

TypeYearName% Correct
Film2019Knives Out
80%
Film2017The Shape of Water
80%
Film20028 Mile
60%
Film2022Amsterdam
60%
TV Show2010-2014Boardwalk Empire
60%
Film2006Bug
60%
Theater1996, 2001-2002, 2004-2005Bug
60%
Film2016Elvis & Nixon
60%
Film2013Man of Steel
60%
Film2016Nocturnal Animals
60%
Film2001Pearl Harbor
60%
Film2017Pottersville
60%
Film2008Revolutionary Road
60%
Film2023The Bikeriders
60%
Film2012The Iceman
60%
Film2016Wolves
60%
Film201013
40%
Film201499 Homes
40%
Film2023A Little White Lie
40%
Film2003Bad Boys II
40%
Film2009Bad Lieutenant: Port of Call New Orleans
40%
Film2016Batman v Superman: Dawn of Justice
40%
Film2007Before the Devil Knows You're Dead
40%
Film2022Bullet Train
40%
Film1997Chicago Cab
40%
Film2004Criminal
40%
Film2020Echo Boomers
40%
Director2023Eric Larue
40%
TV Film2018Fahrenheit 451
40%
Film2016Frank & Lola
40%
Film2003Grand Theft Parsons
40%
Film1993Groundhog Day
40%
Film2002High Crimes
40%
Film1999Jesus' Son
40%
Film2010Jonah Hex
40%
Film2003Kangaroo Jack
40%
TV Show2005Law & Order: Special Victims Unit
40%
Film2006Let's Go to Prison
40%
Film2016Loving
40%
Film2007Lucky You
40%
Film2011Machine Gun Preacher
40%
Film2016Midnight Special
40%
Film2012Mud
40%
Film2009My Son, My Son, What Have Ye Done?
40%
TV Show2018Our Cartoon President
40%
Film2012Premium Rush
40%
Film2016Salt and Fire
40%
Film2011Take Shelter
40%
FilmTBAThe End
40%
Film2009The Greatest
40%
Film2009The Missing Person
40%
Film2015The Night Before
40%
Film2000The Photographer
40%
Film2004The Woodsman
40%
Film2014They Came Together
40%
Film2000Tigerland
40%
Film2001Vanilla Sky
40%
TV Mini-Series2018Waco
40%
Film2018What They Had
40%
Film2006World Trade Center
40%
Film201812 Strong
20%
Film2022Abandoned
20%
TV Film1992Angel Street
20%
Documentary Series2018Arena
20%
TV Show2017, 2019, 2020At Home with Amy Sedaris
20%
Film2007Blackbird
20%
Film2000Cecil B. Demented
20%
Film1996Chain Reaction
20%
Film2016Complete Unknown
20%
Film2004Dead Birds
20%
FilmTBADead Guy
20%
TV Show2009Delocated
20%
Theater2022-2023Des Moines
20%
TV Show1998, 1999Early Edition
20%
Theater2002Finer Noble Gases
20%
Theater2019Frankie and Johnny in the Clair de Lune
20%
Film2015Freeheld
20%
Theater1992Fun / Nobody
20%
Theater2005Gagarin Way
20%
TV Mini-Series2022-2023George & Tammy
20%
Theater2006, 2012-2013Grace
20%
Podcast2020Hank the Cowdog
20%
Film2021Heart of Champions
20%
Short Film2010Herbert White
20%
Theater2006Hunger and Thirst
20%
Music Video2018Innocents
20%
Theater1993, 1994, 1998-1999Killer Joe
20%
Theater2007, 2008Lady
20%
TV Show2022Little Demon
20%
Theater2016Long Day's Journey into Night
20%
Music Video2018Long Way Back Home
20%
Theater1991Loving Little Egypt
20%
Film2006Marvelous
20%
FilmTBAMcCarthy
20%
Theater2009, 2010-2011Mistakes Were Made
20%
Short Film2000Mullitt
20%
Film2001New Port South
20%
Film2022Night's End
20%
Web Mini-Series2021Nine Perfect Strangers
20%
FilmTBANuremberg
20%
Theater2010Our Town
20%
TV Film1992Overexposed
20%
Theater2015Pilgrim's Progress
20%
Film2016Poor Boy
20%
Film2011Return
20%
TV Show2018Room 104
20%
Film2014She's Funny That Way
20%
Film2007Shotgun Stories
20%
Theater2017Simpatico
20%
Theater2012-2013, 2017Simpatico
20%
Film2018State Like Sleep
20%
Film2011The Broken Tower
20%
Film2017The Current War
20%
Film2023The Flash
20%
Film2013The Harvest
20%
Theater1999The Idiot
20%
Theater1998, 2014The Killer
20%
TV Mini-Series2018The Little Drummer Girl
20%
Theater2008The Little Flower of East Orange
20%
Theater2008The Metal Children
20%
Theater2006-2007The Pillowman
20%
Podcast2021, 2023The Playboy Interview
20%
Film2020The Quarry
20%
Film1999The Ride
20%
Film2010The Runaways
20%
Podcast2023The Space Within
20%
FilmTBAThe Young King
20%
Theater2017-2018Traitor
20%
TV Show1999Turks
20%
Theater2012Uncle Vanya
20%
Theater1995-1996Victims of Duty
20%
TV Show2023Waco: The Aftermath
20%
Theater2023Waiting for Godot
20%
Film2004Water
20%
Film2014Young Ones
20%
Short Film2004Zamboni Man
20%
TV Show2017Back-to-Back Chef
0%
Theater2002Bake Off
0%
Short Film2012Happy Hour
0%
TV Show2016Lip Sync Battle
0%
Short Film2013Michael Shannon Reads the Insane Delta Gamma Sorority Letter
0%
Theater1996-1997Mojo
0%
Theater2003Mr. Kolpert
0%
Theater2018-2019Nassim
0%
Theater2002Ten-Minute Plays
0%
TV Show2018The Late Show with Stephen Colbert
0%
Theater2003-2004The Man from Nebraska
0%
Theater1996The Persecution of Arnold Petch
0%
Theater1997'Tis Pity She's a Whore
0%
Short Film2011Touch of Evil
0%
Documentary2017Trouble No More
0%
Theater2018True West
0%
Theater2024Turret
0%
Theater2018Victims of Unit
0%

Score Distribution

Percentile by Number Answered

Percent of People with Each Score

Your Score History

You have not taken this quiz since the last reset